Ionově-solektivní elektrody /

Salvato in:
Dettagli Bibliografici
Autori principali: Koryta, Jiří (Autore), Štulík, Karel (Autore)
Natura: Libro
Pubblicazione: Praha : Academia, 1984
Tags: Aggiungi Tag
Nessun Tag, puoi essere il primo ad aggiungerne!!

MARC

LEADER 00000nam a22000003a 4500
001 stu15750
005 20150617225757.9
008 ------s1984----cs----------------------d
040 |a STU  |b slo 
041 0
044 |a cs 
080 |a 543.257.2 
100 1 |a Koryta, Jiří  |4 aut 
245 1 |a Ionově-solektivní elektrody /  |c [aut.]Koryta,Jiří, Štulík,Karel 
260 |a Praha :  |b Academia,  |c 1984 
300 |a 205 s :  |b Obr.,tab.,grafy,lit.,index 
700 1 |a Štulík, Karel  |4 aut 
996 |b C71973  |c C*71973  |l CCXV  |s P  |a 0  |w stu15750_0001 
996 |b C73346  |c C*73346  |l CCVII  |s P  |a 0  |w stu15750_0002 
996 |b C73347  |c C*73347  |l CCVII  |s P  |a 0  |w stu15750_0003 
996 |b C79465  |c C*79465  |l CCII  |s P  |a 0  |w stu15750_0004 
996 |b C79466  |c C*79466  |l CCII  |s P  |a 0  |w stu15750_0005 
996 |b C79467  |c C*79467  |l CCII  |s P  |a 0  |w stu15750_0006 
996 |b C81031  |c C*81031  |l CCVI  |s P  |a 0  |w stu15750_0007